000
00319nam a22001337a 4500
020
_a
0236176188
082
_a
368.942CLA.
100
_a
Clayton, G.
245
_a
British Insurance.
260
_a
London.
_b
Elke books
_c
1971.
300
_a
381p.
_b
ill.; 24cm.
500
_a
Includes bibliography and Index.
942
_c
BK
999
_c
14262
_d
14262